000 00818nam a2200205 a 4500
003 CBULib
005 20240417093037.0
008 140918s2014 ||||||||||||||||| || u
040 _aLC
_bCBUlib
_cCBUlib
_dCBUlib
_erda
050 _aUNCTAD(058)
110 _aUnited Nations Conference on Trade and Development (UNCTAD)
245 1 0 _aReport on the implementation of the investment policy review: Lesotho
_c/by United Nations Conference on Trade and Developmet [UNCTAD]
260 _aNew York:
_bUnited Nations Conference on Trade and Development (UNCTAD)
_c2014
300 _av, 16Pages.: illustrations
650 _aINVESTMENT POLICY--LESOTHO
650 0 _aDIRECT INVESTMENT
_92759
650 0 _aINVESTMENT - REVIEW
_92760
942 _2lcc
_c029
_n0
999 _c56212
_d56212